Shareef Lutere (Urdu) (Record no. 63604)

000 -LEADER
fixed length control field 00463nam a22001817a 4500
003 - CONTROL NUMBER IDENTIFIER
control field NUST - PNEC
005 - DATE AND TIME OF LATEST TRANSACTION
control field 20170116180818.0
008 - FIXED-LENGTH DATA ELEMENTS--GENERAL INFORMATION
fixed length control field 150610b xxu||||| |||| 00| 0 eng d
020 ## - INTERNATIONAL STANDARD BOOK NUMBER
International Standard Book Number 9698305203
040 ## - CATALOGING SOURCE
Transcribing agency LIBRARY
082 ## - DEWEY DECIMAL CLASSIFICATION NUMBER
Classification number 364.132'35491 SHA
100 ## - MAIN ENTRY--PERSONAL NAME
9 (RLIN) 3840
Personal name Shahid ur Rehman
245 ## - TITLE STATEMENT
Title Shareef Lutere (Urdu)
Statement of responsibility, etc. Shahid ur Rehman
260 ## - PUBLICATION, DISTRIBUTION, ETC.
Place of publication, distribution, etc. Lahore
Name of publisher, distributor, etc. Hyder Publications
300 ## - PHYSICAL DESCRIPTION
Extent 272 p. :
Dimensions 22 cm.
650 ## - SUBJECT ADDED ENTRY--TOPICAL TERM
General subdivision General
942 ## - ADDED ENTRY ELEMENTS (KOHA)
Source of classification or shelving scheme
Koha item type Book
Holdings
Withdrawn status Lost status Source of classification or shelving scheme Damaged status Not for loan Permanent Location Current Location Shelving location Date acquired Source of acquisition Cost, normal purchase price Total Checkouts Full call number Barcode Date last seen Cost, replacement price Price effective from Koha item type
          Pakistan Navy Engineering College (PNEC) Pakistan Navy Engineering College (PNEC)   06/22/2000 Library /reference Grant 150.00   364.132'35491 SHA PNECLIB-022281 06/10/2015 150.00 06/10/2015 Book
© 2023 Central Library, National University of Sciences and Technology. All Rights Reserved.